Les 20 pays les plus peuples au monde - Statistiques

Statistiques générales
  • Ce quiz a été pris 90 fois
  • Le résultat moyen est 15 sur 20
Statistiques - réponses
Réponse % Correct
Chine
99%
Inde
98%
Russie
96%
Etats Unis
95%
Brésil
90%
France
90%
Allemagne
86%
Japon
84%
Indonesie
80%
Mexique
80%
Pakistan
74%
Nigeria
65%
Egypte
63%
Turquie
63%
Iran
60%
Thailande
59%
Bangladesh
58%
Vietnam
53%
Philippines
44%
Ethiopie
33%
Aucun quiz correspondant
Distribution des résultats
% des personnes avec chaque résultat
Percentile par nombre de réponses
Votre historique - résultats
Vous n’avez pas pris ce quiz